[Event "St Ingbert op"]
[Site "St Ingbert"]
[Date "1988.??.??"]
[Round "1"]
[White "Coen, Guenter"]
[Black "Hermann, Thomas"]
[Result "0-1"]
[WhiteElo "1248"]
[BlackElo "1976"]
[PlyCount "72"]
[EventDate "1988.08.20"]
[EventType "swiss"]
[EventRounds "9"]
[EventCountry "GER"]
[SourceTitle "EXT 2002"]
[Source "ChessBase"]
[SourceDate "2001.11.25"]
[SourceVersion "1"]
[SourceVersionDate "2001.11.25"]
[SourceQuality "1"]

1. e4 c5 2. Nf3 Nc6 3. d4 cxd4 4. Nxd4 Nf6 5. Nc3 e5 6. Nxc6 bxc6 7. Bc4 Be7 8. f3 0-0 9. Be3 Bb7 10. Qd2 d5 11. exd5 cxd5 12. Bb3 d4 13. Bxd4 Qxd4 14. 0-0-0 Qxd2+ 15. Rxd2 Bb4 16. Rd3 Rfd8 17. Rhd1 Ba5 18. Nb5 Rxd3 19. Rxd3 Ba6 20. Bd5 Bxb5 21. Bxa8 Bxd3 22. cxd3 Kf8 23. Kc2 Ke7 24. Kb3 Kd6 25. Kc4 Bb6 26. g4 Nd7 27. Be4 Nf6 28. Ba8 Bg1 29. h3 h5 30. b4 h4 31. a4 Nh7 32. a5 Ng5 33. f4 exf4 34. Bg2 f3 35. Bf1 Ne6 36. b5 Bc5 0-1

[Event "St Ingbert op"]
[Site "St Ingbert"]
[Date "1988.??.??"]
[Round "2"]
[White "Demuth, Juergen"]
[Black "Coen, Guenter"]
[Result "1/2-1/2"]
[WhiteElo "1760"]
[BlackElo "1248"]
[PlyCount "49"]
[EventDate "1988.08.20"]
[EventType "swiss"]
[EventRounds "9"]
[EventCountry "GER"]
[SourceTitle "EXT 2002"]
[Source "ChessBase"]
[SourceDate "2001.11.25"]
[SourceVersion "1"]
[SourceVersionDate "2001.11.25"]
[SourceQuality "1"]

1. Nf3 e6 2. d3 f5 3. g3 b6 4. Bg2 Bb7 5. Nbd2 Nf6 6. 0-0 Be7 7. c4 0-0 8. b3 c5 9. Bb2 Nc6 10. Re1 Qc7 11. e4 fxe4 12. dxe4 d6 13. e5 Nxe5 14. Nxe5 Bxg2 15. Kxg2 dxe5 16. Rxe5 Qc6+ 17. Qf3 Rac8 18. Rae1 Ng4 19. Qxc6 Rxf2+ 20. Kh3 Rxc6 21. R5e2 Rxe2 22. Rxe2 Bf6 23. Kxg4 Bxb2 24. Nf3 Bf6 25. Rd2 1/2-1/2

[Event "St Ingbert op"]
[Site "St Ingbert"]
[Date "1988.??.??"]
[Round "5"]
[White "Lienen, Joachim"]
[Black "Coen, Guenter"]
[Result "1-0"]
[WhiteElo "1720"]
[BlackElo "1248"]
[PlyCount "57"]
[EventDate "1988.08.20"]
[EventType "swiss"]
[EventRounds "9"]
[EventCountry "GER"]
[SourceTitle "EXT 2002"]
[Source "ChessBase"]
[SourceDate "2001.11.25"]
[SourceVersion "1"]
[SourceVersionDate "2001.11.25"]
[SourceQuality "1"]

1. e4 e5 2. Nf3 Nf6 3. Nc3 Bc5 4. Bc4 Nc6 5. 0-0 0-0 6. d3 h6 7. Nd5 Nxd5 8. exd5 Ne7 9. Nxe5 d6 10. Nf3 Bg4 11. Be3 Bxe3 12. fxe3 Nf5 13. Qe1 Re8 14. e4 c6 15. Qf2 Ne7 16. dxc6 Nxc6 17. Bxf7+ Kxf7 18. Ne5+ Kg8 19. Nxg4 Rf8 20. Qxf8+ Qxf8 21. Rxf8+ Rxf8 22. c3 h5 23. Ne3 Rf6 24. Rf1 Kf7 25. Rxf6+ Kxf6 26. Kf2 g6 27. d4 b6 28. Kf3 a6 29. Nc4 1-0